000
00448nam a2200133Ia 4500
008
100328s9999 xx 000 0 und d
082
_b
59979
100
_a
तेंडुलकर प्रिया.
245
_a
जावे तिच्या वंशा.
260
_b
श्रीविद्या.
630
_a
जावे तिच्या वंशा.
730
_a
जावे तिच्या वंशा.
942
_c
BOOK
999
_c
546153
_d
546150